| 000 | 00815aab a2200193 i 4500 | ||
|---|---|---|---|
| 001 | 768714001 | ||
| 003 | CO-MdFUSB | ||
| 005 | 20240424154922.0 | ||
| 008 | 240424t1999 ag ||||| |||| 00| 0 spa d | ||
| 040 |
_bspa _cCO-MdFUSB |
||
| 041 | _aspa | ||
| 100 | 1 |
_aPowell, David R. _eautor |
|
| 245 |
_aCharles Francis Yoder _c/ David R. Powell |
||
| 300 |
_aVolumen 18, número 1 y 2 (enero - julio, 1999) páginas: 58 - 60 _c; 27 cm |
||
| 520 | _aBiografía del primer misionero que en Río Cuarto (Córdoba, Argentina) dio comienzo a la actividad evangelizadora de la «Iglesia de los Hermanos», Charles Francis Yoder (1873-1955). | ||
| 650 | 0 |
_aBiografías cristianas _91238 |
|
| 773 | 0 |
_tIglesia y Misión _049402 _959632 _gVolumen 18, número 1 y 2 (enero - julio, 1999) páginas: 58 - 60 _qpágina: 58 |
|
| 942 | _cANA | ||
| 999 |
_c52389 _d52389 |
||